[Event "Syre Memorial op 33th"]
[Site "Issy les Moulineaux"]
[Date "2010.05.16"]
[Round "5"]
[White "Hoarau, Julien"]
[Black "Antoine, Samuel"]
[Result "1-0"]
[WhiteElo "2080"]
[BlackElo "1827"]
[PlyCount "39"]
[EventDate "2010.05.13"]
[EventType "swiss"]
[EventRounds "6"]
[EventCountry "FRA"]
[SourceTitle "EXT 2011"]
[Source "ChessBase"]
[SourceDate "2010.11.26"]
[SourceVersion "1"]
[SourceVersionDate "2010.11.26"]
[SourceQuality "1"]

1. e4 c6 2. d4 d5 3. exd5 cxd5 4. Bd3 Nc6 5. c3 Nf6 6. Ne2 e6 7. 0-0 Bd6 8. f4 0-0 9. Nd2 Ne7 10. Nf3 Nf5 11. h3 Be7 12. Qe1 Nd6 13. Ng3 Re8 14. Ne5 Nd7 15. Qe2 Bf8 16. Qf3 g6 17. b3 f6 18. Nxg6 hxg6 19. Bxg6 Re7 20. f5 1-0

[Event "Montpellier op-A"]
[Site "Montpellier"]
[Date "2001.??.??"]
[Round "1.7"]
[White "Hoarau, Julien"]
[Black "Bunzmann, Dimitrij"]
[Result "0-1"]
[WhiteElo "2150"]
[BlackElo "2509"]
[PlyCount "66"]
[EventDate "2001.??.??"]
[EventType "swiss"]
[EventRounds "7"]
[EventCountry "FRA"]
[SourceTitle "EXT 2003"]
[Source "ChessBase"]
[SourceDate "2002.11.25"]
[SourceVersion "1"]
[SourceVersionDate "2002.11.25"]
[SourceQuality "1"]

1. e4 e6 2. d4 d5 3. exd5 exd5 4. Bd3 c5 5. c3 cxd4 6. cxd4 Nc6 7. Ne2 Nge7 8. Nbc3 Nf5 9. 0-0 Bb4 10. Qb3 0-0 11. Qxd5 Ncxd4 12. Nxd4 Nxd4 13. Be3 Bxc3 14. Qxd8 Rxd8 15. bxc3 Nf3+ 16. gxf3 Rxd3 17. Rfd1 Rxd1+ 18. Rxd1 Be6 19. Bxa7 h6 20. Bc5 Rxa2 21. Kg2 Ra5 22. Be3 Kh7 23. Rd4 Ra1 24. Rb4 Bd5 25. Rd4 Bc6 26. Rf4 Kg8 27. Bd4 Rd1 28. Rg4 g5 29. Bf6 Rd6 30. Be5 Rd3 31. Rg3 f5 32. Rh3 Kh7 33. Bd4 f4 0-1